000 00372cam a22001217a 4500
008 180718b1987 xxu||||| |||| 00| 0 eng d
082 _aW1x54 C817
245 _aCorporate plan, 1985-2000: Indian Railways
_cby Ministry of Railways
260 _aNew Delhi
_bMinistry of Railways
_c1987
300 _a77p.
650 _aRailways - India
700 _aIndia. Ministry of Railways
999 _c486731
_d486731